书目信息 |
| 题名: |
混凝土工手册
|
|
| 作者: | 李立权 编 | |
| 分册: | ||
| 出版信息: | 北京 中国建筑工业出版社 1999.10 |
|
| 页数: | 586页 | |
| 开本: | 32开 | |
| 丛书名: | ||
| 单 册: | ||
| 中图分类: | TU755-62 | |
| 科图分类: | ||
| 主题词: | 建筑工程--各种 | |
| 电子资源: | ||
| ISBN: | 7-112-03891-X | |
| 000 | 00552nam0 2200193 45 | |
| 001 | 0010111665 | |
| 005 | 20001226162257.4 | |
| 010 | @a7-112-03891-X@d24.00元 | |
| 100 | @a20001011d1999 km y0chiy0120 ea | |
| 101 | 0 | @achi |
| 105 | @a z 000yy | |
| 200 | 1 | @a混凝土工手册@AHun Ning Tu Gong Shou Ce@f李立权编@FLi Li Quan Bian |
| 210 | @a北京@c中国建筑工业出版社@d1999.10 | |
| 215 | @a586页@d32开 | |
| 606 | 0 | @a建筑工程@x各种 |
| 690 | @aTU755-62@v3 | |
| 701 | 0 | @a李立权@4编 |
| 801 | @aCN@bPftUser@c20001011 | |
| 905 | @dTU755-62@eL683=2@b315433-437@f5 | |
| 混凝土工手册/李立权编.-北京:中国建筑工业出版社,1999.10 |
| 586页;32开 |
| ISBN 7-112-03891-X:24.00元 |
| ● |
| 相关链接 |
|
|
|
正题名:混凝土工手册
索取号:TU755-62/L683=2
 
预约/预借
| 序号 | 登录号 | 条形码 | 馆藏地/架位号 | 状态 | 备注 |
| 1 | 315433 | 203154335 | 建筑库201/201建筑库 42排4列2层/ [索取号:TU755-62/L683=2] | 在馆 | |
| 2 | 315434 | 203154344 | 自科二线404/404自科库 8排5列5层/ [索取号:TU755-62/L683=2] | 在馆 | |
| 3 | 315435 | 203154353 | 土木与交通工程学院资料室/土木与交通学院资料室 1排1列1层/ [索取号:TU755-62/L683=2] | 在馆 | |
| 4 | 315436 | 203154362 | 自科二线404/404自科库 4排3列5层/ [索取号:TU755-62/L683=2] | 在馆 | |
| 5 | 315437 | 203154371 | 土木与交通工程学院资料室/土木与交通学院资料室 1排1列1层/ [索取号:TU755-62/L683=2] | 在馆 |